| 000 | 01050aab a2200205 i 4500 | ||
|---|---|---|---|
| 001 | 768714001 | ||
| 003 | CO-MdFUSB | ||
| 005 | 20250729172154.0 | ||
| 008 | 240327t1988 ag ||||| |||| 00| 0 spa d | ||
| 040 |
_bspa _cCO-MdFUSB |
||
| 041 | _aspa | ||
| 100 | 1 |
_aZapata A., Rodrigo (Albuja) _eautor |
|
| 245 | 1 | 3 |
_aLa fiesta de la liberación de los oprimidos _c/ Rodrigo Zapata A. |
| 300 |
_aVolumen 7, número 2 (junio, 1988), páginas: 14 - 19 _c; 27 cm |
||
| 520 | _aEl eco paulino de "estén siempre felices" es vivido más que pensado a nivel de simple doctrina. Los "indígenas" gozan juntos cantando salmos o comiendo papas, jugando a la pelota, o vendiendo sus legumbres en el mercado. Para ellos la fiesta llega al clímax cuando salen para dar "testimonio" de la verdad para presidir la cooperativa que trabaja en el ben de la comunidad. | ||
| 650 | 7 |
_aTeología de la liberación _9449 |
|
| 773 | 0 |
_tIglesia y Misión _049402 _959672 _gVolumen 7, número 2 (junio, 1988), páginas: 14 - 19 _qpáginas: 14 |
|
| 942 | _cANA | ||
| 945 | _aJTF-925 | ||
| 999 |
_c51760 _d51760 |
||